Používanie slovenského jazyka v Békešskej župe /
Uložené v:
| Ďalší autori: | , |
|---|---|
| Médium: | Kniha |
| Jazyk: | Slovak |
| Vydané: |
Békešská Čaba :
Výskumný ústav Slovákov v Maďarsku,
2005
|
| Vydanie: | [1. vyd.] |
| Témy: | |
| ISBN: |
9638657332 (brož.) |
| Fyzický popis: |
487 s. : fotogr., grafy, noty, tab. ; 23 cm |
| Tagy: |
Pridať tag
Žiadne tagy, Buďte prvý kto otaguje tento záznam!
|
Titul je dostupný aj v ... 

MARC
| LEADER | 00000nam a2200000 a 4500 | ||
|---|---|---|---|
| 001 | 000015321 | ||
| 005 | 20061211105527.0 | ||
| 008 | 050929s2005 hu abg e ba 000 0 sloo | ||
| 020 | |a 9638657332 (brož.) | ||
| 040 | |a SVKKK |b slo |c SVKKK |e AACR2 | ||
| 041 | 0 | |a slo |b hun |b ger | |
| 044 | |a hu |c HU | ||
| 072 | 7 | |a 811.162.4 |x Slovenčina |2 konspekt | |
| 080 | |a 811.162.4 |2 1997 | ||
| 080 | |a (=162.4) |2 1997 | ||
| 080 | |a (439) |2 1997 | ||
| 080 | |a (082) |2 1997 | ||
| 245 | 0 | 0 | |a Používanie slovenského jazyka v Békešskej župe / |c [zostavili: Alžbeta Uhrinová, Mária Žiláková] |
| 250 | |a [1. vyd.] | ||
| 260 | |a Békešská Čaba : |b Výskumný ústav Slovákov v Maďarsku, |c 2005 | ||
| 300 | |a 487 s. : |b fotogr., grafy, noty, tab. ; |c 23 cm | ||
| 500 | |a Údaj o zost. prevzatý z rubu titul. strany | ||
| 504 | |a Bibl. odkazy. Poznámky pod čiarou. Resumé maď., nem. | ||
| 650 | 0 | 7 | |a slovenčina |z Békešská župa (Maďarsko) |2 SVKKKPH |
| 650 | 0 | 7 | |a Slováci |z Békešská župa (Maďarsko) |2 SVKKKPH |
| 651 | 7 | |a Békešská župa (Maďarsko) |2 SVKKKPH | |
| 655 | 7 | |a zborníky |2 SVKKKPH | |
| 700 | 1 | |a Uhrinová-Hornoková, Alžbeta, |d 1954- |4 com |4 edt | |
| 700 | 1 | |a Žiláková, Mária, |d 1949- |4 com | |
| 919 | |a 963-86573-3-2 | ||
| 998 | |a BK | ||
| 090 | |g SCKHL |k Sklad Pribinova prízemie |a IV.193901 |j 971543 |i 2720038133 |s Absenčne | ||